Catálogo
 En Linea

Poesía 71 :. : (Registro nro. 45155)

Detalles MARC
000 -CABECERA
campo de control de longitud fija 00419nam a2200133 a 4500
001 - NÚMERO DE CONTROL
campo de control 000045666
005 - FECHA Y HORA DE LA ÚLTIMA TRANSACCIÓN
campo de control 20201002052357.0
008 - DATOS DE LONGITUD FIJA--INFORMACIÓN GENERAL
campo de control de longitud fija 150422s1972 000 spa d
040 ## - FUENTE DE LA CATALOGACIÓN
Centro catalogador/agencia de origen DO-SdBNP
Lengua de catalogación spa
Centro/agencia transcriptor BNPHU
245 #0 - MENCIÓN DE TÍTULO
Título Poesía 71 :. :
Resto del título cultura popular.
260 ## - PUBLICACIÓN, DISTRIBUCIÓN, ETC.
Lugar de publicación, distribución, etc. Barahona, República Dominicana, :
Nombre del editor, distribuidor, etc. Sociedad Cultural Los Buenos Amigos",
Fecha de publicación, distribución, etc. 1972.
300 ## - DESCRIPCIÓN FÍSICA
Extensión 31 p. : ;
Dimensiones 21 cm.
500 ## - NOTA GENERAL
Nota general Primer concurso literario
Existencias
Estado de retiro Estado de pérdida Restricciones de uso No para préstamo Código de colección Localización permanente Ubicación/localización actual Ubicación en estantería Fecha de adquisición Número de inventario Total de préstamos Signatura topográfica completa Código de barras Fecha visto por última vez Precio válido a partir de Tipo de ítem Koha
      Excluido de préstamo Monografías: Libros y Folletos Patrimonio Dominicano Patrimonio Dominicano Depósito 22.04.2015 LF1   45666-10 25.06.2020 25.06.2020 No se presta

Con tecnología Koha